Adversaires de la Belgique en Coupe du Monde - Statistiques

Statistiques générales
  • Ce quiz a été pris 161 fois
    29 depuis la dernière actualisation
  • Le résultat moyen est 43 sur 51
Statistiques - réponses
Date Année Ville Tour Adversaire Score % Correct
17/06 1954 Bâle Premier tour Angleterre 4-4(ap)
100%
26/06 1990 Bologne Huitième de finale Angleterre 0-1(ap)
100%
28/06 2018 Kaliningrad Premier tour Angleterre 1-0
100%
14/07 2018 Saint-Pétersbourg Petite finale Angleterre 2-0
100%
17/06 2002 Kobe Huitième de finale Brésil 0-2
100%
06/07 2018 Kazan Quart de finale Brésil 2-1
100%
05/06 1938 Paris Huitième de finale France 1-3
100%
28/06 1986 Puebla Petite finale France 2-4(ap)
100%
10/07 2018 Saint-Pétersbourg Demi-finale France 0-1
100%
19/06 1994 Orlando Premier tour Maroc 1-0
100%
27/11 2022 Doha Premier tour Maroc 0-2
100%
04/06 2002 Saitama Premier tour Japon 2-2
96%
02/07 2018 Rostov-sur-le-Don Huitième de finale Japon 3-2
96%
13/06 1982 Barcelone Premier tour Argentine 1-0
93%
25/06 1986 Mexico Demi-finale Argentine 0-2
93%
05/07 2014 Brasilia Quart de finale Argentine 0-1
93%
01/12 2022 Al-Rayyan Premier tour Croatie 0-0
93%
13/07 1930 Montevideo Premier tour États-Unis 0-3
93%
01/07 2014 Salvador Huitième de finale États-Unis 2-1
93%
11/06 1970 Mexico Premier tour Mexique 0-1
93%
03/06 1986 Mexico Premier tour Mexique 1-2
93%
20/06 1998 Bordeaux Premier tour Mexique 2-2
93%
10/06 2002 Oita Premier tour Tunisie 1-1
93%
23/06 2018 Moscou Premier tour Tunisie 5-2
93%
17/06 2014 Belo Horizonte Premier tour Algérie 2-1
89%
23/11 2022 Al-Rayyan Premier tour Canada 1-0
89%
12/06 1990 Vérone Premier tour Corée du Sud 2-0
86%
25/06 1998 Paris Premier tour Corée du Sud 1-1
86%
26/06 2014 Sao Paolo Premier tour Corée du Sud 1-0
86%
22/06 1986 Puebla Quart de finale Espagne 1-1(5-4(tab))
86%
21/06 1990 Vérone Premier tour Espagne 1-2
86%
27/05 1934 Florence Huitième de finale Allemagne 2-5
82%
02/07 1994 Chicago Huitième de finale Allemagne 2-3
82%
20/06 1954 Lugano Premier tour Italie 1-4
79%
18/06 2018 Sotchi Premier tour Panama 3-0
79%
14/06 2002 Shizuoka Premier tour Russie 3-2
79%
22/06 2014 Rio de Janeiro Premier tour Russie 1-0
79%
17/06 1990 Vérone Premier tour Uruguay 3-1
79%
22/06 1982 Elche Premier tour Hongrie 1-1
75%
25/06 1994 Orlando Premier tour Pays-Bas 1-0
75%
13/06 1998 Saint-Denis Premier tour Pays-Bas 0-0
75%
06/06 1970 Mexico Premier tour URSS 1-4
75%
01/07 1982 Barcelone Second tour URSS 0-1
75%
15/06 1986 Leon Huitième de finale URSS 4-3(ap)
75%
20/07 1930 Montevideo Premier Tour Paraguay 0-1
71%
11/06 1986 Toluca Premier tour Paraguay 2-2
71%
28/06 1982 Barcelone Second tour Pologne 0-3
68%
29/06 1994 Washington Premier tour Arabie Saoudite 0-1
57%
08/06 1986 Toluca Premier tour Irak 2-1
46%
03/06 1970 Mexico Premier tour El Salvador 3-0
14%
19/06 1982 Elche Premier tour El Salvador 1-0
14%
Aucun quiz correspondant
Distribution des résultats
% des personnes avec chaque résultat
Percentile par nombre de réponses
Votre historique - résultats
Vous n’avez pas pris ce quiz depuis la dernière actualisation